Current NBA Players with above 50% chance of Hall of Fame Quiz - Statistics

General Stats
  • This quiz has been taken 1,180 times
    200 since last reset
  • The average score is 18 of 21
Answer Stats
Hint Answer % Correct
100% LeBron James
100%
100% Kevin Durant
98%
100% James Harden
97%
100% Stephen Curry
97%
99.6% Nikola Jokić
95%
100% Chris Paul
92%
99.6% Giannis Antetokounmpo
92%
91.3% Kawhi Leonard
92%
73.1% Klay Thompson
89%
99.9% Russell Westbrook
88%
83.4% Draymond Green
87%
73.6% S. Gilgeous-Alexander
85%
59.6% Jayson Tatum
82%
66.2% Joel Embiid
81%
99.9% Anthony Davis
80%
97.9% Paul George
80%
97.6% Kyrie Irving
74%
99.5% Damian Lillard
73%
80.6% Jimmy Butler
63%
85.7% Kyle Lowry
56%
73.5% Kevin Love
55%
No matching quizzes found
Score Distribution
Percent of People with Each Score
Percentile by Number Answered
Your Score History
You have not taken this quiz since the last reset